Determinants of abortion and subsequent reproductive
Saved in:
| Main Author: | |
|---|---|
| Other Authors: | |
| Format: | Unknown |
| Published: |
1994
|
| Subjects: | |
| Online Access: | Visit NHRC Library |
| Tags: |
Add Tag
No Tags, Be the first to tag this record!
|
| LEADER | 00715 a2200193 4500 | ||
|---|---|---|---|
| 005 | 20220906184549.0 | ||
| 060 | |a RES 89 | ||
| 100 | |a Tamang, Anand |9 175 | ||
| 245 | |a Determinants of abortion and subsequent reproductive | ||
| 260 | |c 1994 | ||
| 300 | |a 16p. ; | ||
| 500 | |a Research Report | ||
| 546 | |a eng. | ||
| 650 | |a Abortion |a Reproductive behavior |9 2073 | ||
| 700 | |a Shrestha, Neera |a Sharma, Kabita |a Shrestha, Rosani |9 2074 | ||
| 856 | |u http://nhrc.org.np/index.php?option=com_content&view=article&id=48&Itemid=53 |y Visit NHRC Library | ||
| 942 | |2 NLM |c RR | ||
| 952 | |0 0 |1 0 |2 lcc |4 0 |6 RES 00089/TAM/01994 |7 0 |9 647 |a NHRC |b NHRC |c REF |d 2012-07-17 |l 0 |o RES 89/TAM/1994 |p RES-00089 |r 2012-07-17 |w 2012-07-17 |y RR | ||
| 999 | |c 641 |d 641 | ||